Normal view MARC view

Entry Personal Name

Number of records used in: 1

001 - CONTROL NUMBER

  • control field: 556887

003 - CONTROL NUMBER IDENTIFIER

  • control field: OSt

005 - DATE AND TIME OF LATEST TRANSACTION

  • control field: 20220930095012.0

008 - FIXED-LENGTH DATA ELEMENTS

  • fixed length control field: 220930|| aca||aabn | a|a d

040 ## - CATALOGING SOURCE

  • Original cataloging agency: OSt
  • Transcribing agency: OSt

100 ## - HEADING--PERSONAL NAME

  • Personal name: दिल्ली विशविद्यालय. कला संकाय. संस्कृत विभाग

670 ## - SOURCE DATA FOUND

  • Source citation: Work cat.: (OSt)888141: सोहन कुमार, ले., वैयाकरणभूषणसार में शक्ति तथा नामार्थ निर्णय, सोहन कुमार, 2019
Copyright @ Delhi University Library System